Transistor circuit design (Record no. 23504)

000 -LEADER
fixed length control field 00584nam a22002171 4500
001 - CONTROL NUMBER
control field 23504
003 - CONTROL NUMBER IDENTIFIER
control field BD-DhUET
008 - FIXED-LENGTH DATA ELEMENTS--GENERAL INFORMATION
fixed length control field 721219s1963 nyua b 000 0 eng
040 ## - CATALOGING SOURCE
Original cataloging agency DLC
Transcribing agency DLC
Modifying agency BD-DhUET
082 ## - DEWEY DECIMAL CLASSIFICATION NUMBER
Classification number 623.8151
Item number TEX/1963
110 ## - MAIN ENTRY--CORPORATE NAME
Corporate name or jurisdiction name as entry element Texas Instruments Incorporated
245 10 - TITLE STATEMENT
Title Transistor circuit design
250 ## - EDITION STATEMENT
Edition statement 1st ed.
260 ## - PUBLICATION, DISTRIBUTION, ETC. (IMPRINT)
Place of publication, distribution, etc. New York
Name of publisher, distributor, etc. McGraw-Hill
Date of publication, distribution, etc. 1963
300 ## - PHYSICAL DESCRIPTION
Extent xi, 523 p.
Other physical details ill.
Dimensions 26 cm.
504 ## - BIBLIOGRAPHY, ETC. NOTE
Bibliography, etc Includes bibliographies
650 #0 - SUBJECT ADDED ENTRY--TOPICAL TERM
Topical term or geographic name as entry element Transistor : Electronics
700 ## - ADDED ENTRY--PERSONAL NAME
Personal name Walston, Joseph A.
700 ## - ADDED ENTRY--PERSONAL NAME
Personal name Miller, John R.
942 ## - ADDED ENTRY ELEMENTS (KOHA)
Koha item type Corporate Publication
Holdings
Koha date last seen Koha normalized classification for sorting Shelving location Withdrawn status Sublocation or collection (holding branch) Date acquired Location (home branch) Piece designation (barcode) Damaged status Source of classification or shelving scheme Koha full call number Not for loan Lost status Copy number Koha item type Price effective from
2015-05-04623_815100000000000_TEX_1963Circulation section Central Library, BUET2015-05-04Central Library, BUET30610  623.8151/TEX/1963   1Corporate Publication2015-05-04
2015-05-04623_815100000000000_TEX_1963Circulation section Central Library, BUET2015-05-04Central Library, BUET30607  623.8151/TEX/1963  2Corporate Publication2015-05-04
2015-05-04623_815100000000000_TEX_1963Circulation section Central Library, BUET2015-05-04Central Library, BUET30612  623.8151/TEX/1963   3Corporate Publication2015-05-04
2015-05-04623_815100000000000_TEX_1963Circulation section Central Library, BUET2015-05-04Central Library, BUET30613  623.8151/TEX/1963  4Corporate Publication2015-05-04
2015-05-04623_815100000000000_TEX_1963Circulation section Central Library, BUET2015-05-04Central Library, BUET26687  623.8151/TEX/1963   5Corporate Publication2015-05-04
2015-05-07623_815100000000000_TEX_1963Circulation section Central Library, BUET2015-05-07Central Library, BUET30608  623.8151/TEX/1963  6Corporate Publication2015-05-07
2015-05-07623_815100000000000_TEX_1963Circulation section Central Library, BUET2015-05-07Central Library, BUET30606  623.8151/TEX/1963  7Corporate Publication2015-05-07
2015-05-07623_815100000000000_TEX_1963Circulation section Central Library, BUET2015-05-07Central Library, BUET30609  623.8151/TEX/1963  8Corporate Publication2015-05-07
2015-06-25623_815100000000000_TEX_1963Reading section Central Library, BUET2015-06-25Central Library, BUET30604  623.8151/TEX/1963  9Corporate Publication2015-06-25
2015-06-25623_815100000000000_TEX_1963Reading section Central Library, BUET2015-06-25Central Library, BUET9968  623.8151/TEX/1963  10Corporate Publication2015-06-25
2015-06-25623_815100000000000_TEX_1963Reading section Central Library, BUET2015-06-25Central Library, BUET30605  623.8151/TEX/1963  11Corporate Publication2015-06-25